000 01113cam a22003257a 4500
003 CHAP
005 20220329141725.0
008 971013s1959 r 00010 d
010 _a72825
011 _a73797
035 _a83355
040 _cCHAP
090 _aTesis
100 0 0 _aAlarcón de la Parra, Oscar.
_93350
245 0 _aObservaciones biológicas sobre el defoliador del oyamel Evita hyalinaria blandaria (DYAR)
260 _aChapingo, Méx. :
_bEl autor,
_c1959
300 _a51 h.
_b: ilus.
502 _aTesis (Ing. Agr. Esp. en Parasitología Agrícola) -- ENA. Departamento de Parasitología Agrícola
590 _aALEPH
_b10
_c20130110
_lUCH01
_h1414
590 _aBATCH-UPD
_b10
_c20130110
_lUCH01
_h0506
590 _aBATCH-UPD
_b10
_c20130410
_lUCH01
_h0143
590 _aBATCH-UPD
_b10
_c20130913
_lUCH01
_h2340
590 _aCONVERSION
_b10
_c20130109
_lUCH01
_h1340
650 1 4 _aEvita hyalinaria.
_939006
901 _aBK
942 _cFOLL
949 _bBC
_cTES
_d-37878
_eTS1
_i83355
_si
949 _bBC
_cTES
_d-37879
_eTS2
_fc.2
_i83355
_si
949 _bBC
_cTES
_d-37880
_eTS2
_fc.3
_i83355
_si
999 _c72825
_d72825